Aniverbs - Statistics

General Stats
  • This quiz has been taken 270 times
    258 since last reset
  • The average score is 8 of 16
Answer Stats
Hint Answer % Correct
To behave in a sly manner Fox
83%
To store for future use Squirrel
83%
To move along the ground in a twisting motion Snake
80%
To eat ravenously or to gorge oneself Pig
74%
To engage in rowdy, prankish play Horse
68%
To track or trail persistently Dog
67%
To betray one's associates by giving information Rat
63%
To move your head down quickly Duck
51%
To eat a large amount of food quickly Wolf
45%
To harry or pester Badger
43%
To offer for sale by calling out in the street Hawk
40%
To accept something unpleasant Bear
33%
To have more than your fair share Hog
33%
To exult, gloat or brag Crow
30%
To achieve by use of cunning or deceit Weasel
30%
To seek something by roundabout means Fish
17%
No matching quizzes found
Score Distribution
Percent of People with Each Score
Percentile by Number Answered
Your Score History
You have not taken this quiz since the last reset